000 00969nam a2200217Ia 4500
003 Ost
005 20260507075407.0
008 260507s9999||||xx |||||||||||||| ||und||
040 _cfsecg
041 _aara
082 _a330
100 _aعوض، عدنان
_eمؤلف
245 0 _aالإحصاء التطبيقي /
_c عدنان عوض
260 _aمصر:
_bالشركة العربية المتحدة للتسويق,
_c2009
300 _a356 صفحة؛
_bإيضاحات ؛
_c24 سم
504 _aالملاحق ص.331؛ المراجع ص.330
520 _aيضم الاستدلال الاحصائي حول مجتمع واحد ، الاستدلال الاحصائي حول مجتمعين ، الانحدار والارتباط ، تحليل التباين الأحادي والثنائي طرف غير معلمية
653 _aالإحصاء - المعاملات الإرتباطية
653 _aالإحصاء التطبيقي
942 _cكتاب
999 _c44316
_d44316